| 000 | 01174cab a2200289 4500 | ||
|---|---|---|---|
| 001 | ABS54013 | ||
| 008 | 090401t1995 xxu||||| |||| 00| 0 eng d | ||
| 035 | _a(Sirsi) u7877 | ||
| 041 | _aeng | ||
| 100 | _aLangdon, M. | ||
| 245 | _aVariations to leases | ||
| 260 | _c1995 | ||
| 350 | _a0 | ||
| 490 |
_aProperty Week _v53(5) 2 November 1995, 37(1) |
||
| 520 | _aDiscusses three cases which have considered the position of guarantors of a lease agreement and the extent of their liability: "Metropolitan Properties Co (Regis) Ltd v Bartholemew and another", "West Hordon Industrial Park Ltd v Phoenix Timber Group plc" and "Howard de Walden Estates Ltd v Pasta Place Ltd and others". | ||
| 650 | _aGUARANTORS | ||
| 650 | _aHOWARD DE WALDEN ESTATES LTD V PASTA PLACE LTD AND OTHERS | ||
| 650 | _aLANDLORD AND TENANT (COVENANTS) ACT 1995 | ||
| 650 | _aLEASES | ||
| 650 | _aMETROPOLITAN PROPERTIES CO (REGIS) LTD V BARTHOLEMEW AND ANOTHER | ||
| 650 | _aORIGINAL TENANT | ||
| 650 | _aWEST HORDON INDUSTRIAL PARK LTD V PHOENIX TIMBER GROUP PLC | ||
| 690 | _aLANDLORD AND TENANT-LEASEHOLD REFORM | ||
| 700 | _aHeighton, M. | ||
| 942 | _n0 | ||
| 948 | _c04/03/1997 | ||
| 999 |
_c4796 _d4796 |
||